Rediseño de los procesos sustantivos de mantenimiento industrial en la Cooperativa Dos Pinos R.L
Gorde:
| Egile nagusia: | |
|---|---|
| Beste egile batzuk: | , , |
| Formatua: | Liburua |
| Hizkuntza: | Spanish |
| Argitaratua: |
[San José , Costa Rica]
2017
|
| Gaiak: | |
| Etiketak: |
Etiketa erantsi
Etiketarik gabe, Izan zaitez lehena erregistro honi etiketa jartzen!
|
MARC
| LEADER | 00000nam a22000007a 4500 | ||
|---|---|---|---|
| 003 | 012593 | ||
| 005 | 20240209103506.0 | ||
| 008 | 170504b2017 cr a|||| m||| 00| ||spa d | ||
| 040 | |c cru CEDI | ||
| 100 | |a Bermúdez Elizondo, Damaris, 1990- |9 2392 | ||
| 245 | |a Rediseño de los procesos sustantivos de mantenimiento industrial en la Cooperativa Dos Pinos R.L | ||
| 260 | |a [San José , Costa Rica] |c 2017 | ||
| 300 | |a xiv,241 hojas; ilustraciones a color | ||
| 500 | |a Proyecto de graduación (licenciatura en ingeniería industrial)--Universidad de Costa Rica. Facultad de Ingeniería. Escuela de Ingeniería Industrial | ||
| 501 | |a Directora de Proyecto de Graduación: Inga. Yendry, Fernández Mora | ||
| 650 | |x REINGENIERIA (ADMINISTRACION) |x ADMINISTRACION INDUSTRIAL - COSTA RICA |x CONTROL DE PROCESOS |x RENDIMIENTO INDUSTRIAL |9 8166 | ||
| 700 | |a Maroto Herrera, Melissa, 1992- |9 2393 | ||
| 700 | |a Robleto Jerez, Johann, 1994- |9 2394 | ||
| 700 | |9 566 |a Fernández Mora, Yendry |d Directora del TFG | ||
| 942 | |c CEDI |h TFG 7744 |i 012593 |6 TFG_7744_012593000000000 | ||
| 999 | |c 18281 |d 18281 | ||
